000 00312nam a22001337a 4500
008 170201b xxu||||| |||| 00| 0 eng d
020 _a9780895261861
041 _aeng
080 _a61
100 _a3
101 _ashm
245 _aTHE CORNELL ILLUSTRATED ENCYCLOPEDIA OF HEALTH
_cGOTTO, A.M
942 _2udc
_cBK
999 _c4169
_d4169